000 02045cam a2200541 a 4500
001 16070280
003 BJBSDDR
005 20260430185103.0
006 a|||||r|||| 00| 0
007 ta
008 100125s2010 nyua rb 001 0 eng
010 _a 2010003339
015 _aGBB087586
_2bnb
016 7 _a101523434
_2DNLM
016 7 _a015607145
_2Uk
020 _a9780465043330
_qalk. paper
020 _a046504333X
_qalk. paper
020 _a40018025006
035 _a16070280
035 _a(OCoLC)435418566
040 _aDNLM/DLC
_cDLC
_dYDX
_dNLM
_dBTCTA
_dYDXCP
_dIH9
_dCDX
_dYUS
_dUKM
_dZAG
_dDLC
_beng
041 _aeng
042 _apcc
050 0 0 _aQH447
_b.M478d 2010
060 0 0 _a2010 H-155
060 1 0 _aQZ 50
_bM4776d 2010
082 0 0 _a611/.0181663
_222
100 1 _aMcElheny, Victor K.,
_d1935-2025
_948246
245 1 0 _aDrawing the map of life :
_binside the Human Genome Project /
_cVictor K. McElheny.
260 _aNew York, NY :
_bBasic Books,
_cc2010.
300 _axiii, 361 pages :
_bill. ;
_c25 cm.
336 _atext
_btxt
_2rdacontent
337 _aunmediated
_bn
_2rdamedia
338 _avolume
_bnc
_2rdacarrier
500 _a"A Merloyd Lawrence book."
504 _aIncludes bibliographical references and index.
505 0 _aBuilding the toolbox -- Getting started -- Scaling up -- Crisis -- Surprises -- Human variety -- The struggle for medical relevance.
520 _aChronicles the race to map the human genome, noting the impact of skeptics in the 1970s and 1980s, the breakthroughs of the 1990s, and the political maelstrom that ensued in the face of corporate involvement and the fight for credit.
610 2 0 _aHuman Genome Project
_xHistory.
610 2 2 _aHuman Genome Project.
650 1 2 _aHuman Genome Project.
650 2 2 _aGenomics.
906 _a7
_bcbc
_corignew
_d1
_eecip
_f20
_gy-gencatlg
942 _2lcc
_n0
_cBK
946 _illh
999 _c126982
_d126982